NDU-K Library Catalogue

Girl in a jacket 

A field guide to the national parks of East Africa / (Record no. 15136)

MARC details
000 -LEADER
fixed length control field 00836cam a22002771 4500
001 - CONTROL NUMBER
control field 4542229
003 - CONTROL NUMBER IDENTIFIER
control field OSt
005 - DATE AND TIME OF LATEST TRANSACTION
control field 20240321083948.0
008 - FIXED-LENGTH DATA ELEMENTS--GENERAL INFORMATION
fixed length control field 710421s1967 enkabf 000 0 eng
010 ## - LIBRARY OF CONGRESS CONTROL NUMBER
LC control number 68076542
015 ## - NATIONAL BIBLIOGRAPHY NUMBER
National bibliography number B67-26470
040 ## - CATALOGING SOURCE
Original cataloging agency DLC
Transcribing agency DLC
Modifying agency DLC
-- WaU
043 ## - GEOGRAPHIC AREA CODE
Geographic area code fe-----
050 00 - LIBRARY OF CONGRESS CALL NUMBER
Classification number SB484
Item number .E3W54 1967
082 00 - DEWEY DECIMAL CLASSIFICATION NUMBER
Classification number 591.967
100 1# - MAIN ENTRY--PERSONAL NAME
Personal name Williams, John George,
Dates associated with a name 1913-
245 12 - TITLE STATEMENT
Title A field guide to the national parks of East Africa /
Statement of responsibility, etc. John G. Williams;
260 ## - PUBLICATION, DISTRIBUTION, ETC.
Place of publication, distribution, etc. London,
Name of publisher, distributor, etc. Collins,
Date of publication, distribution, etc. 1967.
300 ## - PHYSICAL DESCRIPTION
Extent 352 p.;
Other physical details ill.
Dimensions 20 cm.
350 ## - PRICE (NR) (BK AM CF MU VM SE) [OBSOLETE]
Price 45/-
650 #0 - SUBJECT ADDED ENTRY--TOPICAL TERM
Topical term or geographic name entry element National parks and reserves
Geographic subdivision Africa, East
Form subdivision Guidebooks.
650 #0 - SUBJECT ADDED ENTRY--TOPICAL TERM
Topical term or geographic name entry element Wildlife watching
Geographic subdivision Africa, East
Form subdivision Guidebooks.
650 #0 - SUBJECT ADDED ENTRY--TOPICAL TERM
Topical term or geographic name entry element Animals
Geographic subdivision Africa, East.
906 ## - LOCAL DATA ELEMENT F, LDF (RLIN)
a 7
b cbc
c orignew
d u
e opcn
f 19
g y-gencatlg
942 ## - ADDED ENTRY ELEMENTS (KOHA)
Source of classification or shelving scheme Library of Congress Classification
Koha item type Normal Collection
Suppress in OPAC No
Holdings
Withdrawn status Lost status Source of classification or shelving scheme Damaged status Not for loan Home library Current library Date acquired Total Checkouts Full call number Barcode Date last seen Price effective from Koha item type
    Library of Congress Classification     Kenya Military Academy Kenya Military Academy 21/03/2024   SB484 .E3W54 1967 KMA002791 21/03/2024 21/03/2024 Normal Collection
Copyright © 2026 [National Defence University - Kenya]. All rights reserved.